| 000 | 00821nam a2200241Ia 4500 | ||
|---|---|---|---|
| 003 | GCL | ||
| 005 | 20240530102252.0 | ||
| 008 | 140319s9999 xx 000 0 ara d | ||
| 040 |
_aGCL / _cGCL |
||
| 082 | 0 | 4 |
_a932 _bق/ن ت |
| 100 | 1 | _aنخبة من العلماء | |
| 245 | 1 | 0 |
_aتاريخ الحضارة المصرية : العصر الفرعونى / _cنخبة من العلماء |
| 260 |
_aالقاهرة : _bمكتبة النهضة المصرية |
||
| 300 |
_a632 ص ؛ _c30سم |
||
| 650 | 0 | 4 | _aمصر القديمة |
| 650 | 0 | 4 | _aالحضارة الفرعونية |
| 650 | 0 | 4 | _aعلم المصريات |
| 650 | 0 | 4 | _aالمصريون القدماء |
| 650 | 0 | 4 | _aالعلوم عند الفراعنة |
| 650 | 0 | 4 | _aالفن المصرى |
| 700 | 1 | _aنخبة من العلماء | |
| 942 |
_2ddc _cBK |
||
| 999 |
_c31030 _d31030 |
||